000 00819cam a22002531 4500
001 ne 64002647
003 DLC
005 20260227111805.0
008 840113s1963 ua 000 0 arar
010 _ane 64002647
035 _a(OCoLC)10296811
040 _aDLC
_cTxU
_dTxU
_dDLC
041 0 _aaraeng
042 _apremarc
050 0 0 _aLA98
_b.N3
100 1 _aNasīm, Sulaymān.
245 1 0 _aTārīkh al-tarbiyah al-Qibṭīyah,
_ctaʼlīf Sulaymān Nasīm. bi-Ishrāf Abū al-Futūḥ Raḍwān. Taqdīm Bāhūr Labīb.
260 _aal-Qāhirah,
_bDār al-Karnak lil-Nashr wa-al-Ṭabʻ wa-al-Tawzīʻ
_c[1963]
300 _a253, [26] p.
_bmap.
_c24 cm.
500 _aSummary in English.
504 _aBibliography: p. [267]-[276]
650 0 _aEducation
_zEgypt
_xHistory.
650 0 _aCopts
_xEducation.
999 _c47499
_d47499